[Event "SVK-chT2A 2122"]
[Site "Slovakia"]
[Date "2021.10.16"]
[Round "1.4"]
[White "Kohlmann, Robert"]
[Black "Sandor, Martin"]
[Result "1-0"]
[WhiteElo "2055"]
[BlackElo "2016"]
[PlyCount "97"]
[EventDate "2021.10.16"]
[EventType "team-tourn"]
[EventRounds "11"]
[EventCountry "SVK"]
[SourceTitle "EXT 2023"]
[Source "ChessBase"]
[SourceDate "2022.10.05"]
[SourceVersion "1"]
[SourceVersionDate "2022.10.05"]
[SourceQuality "1"]
[WhiteTeam "Krasnany"]
[BlackTeam "Modra II"]
[WhiteTeamCountry "SVK"]
[BlackTeamCountry "SVK"]

1. e4 c5 2. Nf3 d6 3. d3 Nf6 4. g3 e6 5. Bg2 Be7 6. 0-0 0-0 7. c3 Nc6 8. Re1 d5 9. e5 Nd7 10. h4 Qc7 11. Bf4 b5 12. Nbd2 Rb8 13. Nf1 c4 14. d4 b4 15. Qc2 bxc3 16. bxc3 Qa5 17. Ng5 Bxg5 18. Bxg5 Nb6 19. Ne3 Bd7 20. a4 h6 21. Bxh6 gxh6 22. Ng4 Kg7 23. Qd2 Rh8 24. Qf4 Qxc3 25. a5 Nc8 26. Qf6+ Kg8 27. Nxh6+ Rxh6 28. Qxh6 Qb4 29. Qg5+ Kf8 30. Rab1 Qe7 31. Rxb8 Nxb8 32. Qh6+ Ke8 33. Rb1 Nc6 34. Rb7 Kd8 35. Qh8+ Qe8 36. Qf6+ N8e7 37. h5 Kc8 38. a6 c3 39. Rb3 Nxd4 40. Rxc3+ Bc6 41. Bf1 Kd7 42. Qf4 Ndf5 43. Qb4 d4 44. Rxc6 Nxc6 45. Qb7+ Kd8 46. Bb5 Nfe7 47. h6 d3 48. Qa8+ Kd7 49. Bxc6+ 1-0

[Event "SVK-ch U16"]
[Site "Liptovsky Mikulas"]
[Date "2019.04.25"]
[Round "4"]
[White "Devera, Simon"]
[Black "Sandor, Martin"]
[Result "0-1"]
[WhiteElo "1661"]
[BlackElo "2015"]
[PlyCount "90"]
[EventDate "2019.04.23"]
[EventType "swiss"]
[EventRounds "9"]
[EventCountry "SVK"]
[SourceTitle "CBM 190 Extra"]
[Source "ChessBase"]
[SourceDate "2019.07.15"]
[SourceVersion "1"]
[SourceVersionDate "2019.07.15"]
[SourceQuality "1"]

1. d4 d5 2. c4 e6 3. Nc3 Nf6 4. Bg5 Be7 5. e3 h6 6. Bh4 0-0 7. Nf3 b6 8. Bd3 Bb7 9. cxd5 Nxd5 10. Bxe7 Qxe7 11. 0-0 Nxc3 12. bxc3 Nd7 13. Nd2 Rfd8 14. Be4 Bxe4 15. Nxe4 Rac8 16. Nd2 c5 17. Qa4 Rc7 18. Nf3 Rdc8 19. Rad1 cxd4 20. cxd4 Nf6 21. Ne5 Nd5 22. Qa6 Rc2 23. Ra1 R8c7 24. a3 Qg5 25. Nf3 Qd8 26. a4 Qc8 27. Qxc8+ Rxc8 28. a5 b5 29. g3 a6 30. Ne5 R8c3 31. Nd7 b4 32. Nc5 b3 33. Rab1 b2 34. e4 Nc7 35. Na4 Rb3 36. Rfd1 Nb5 37. d5 Kf8 38. d6 Ke8 39. d7+ Kd8 40. Nxb2 Rbxb2 41. Ra1 Rxf2 42. Ra4 Rg2+ 43. Kf1 Rxh2 44. Kg1 Rbg2+ 45. Kf1 Rh1+ 0-1

[Event "SVK-ch U16"]
[Site "Liptovsky Mikulas"]
[Date "2019.04.24"]
[Round "3"]
[White "Sandor, Martin"]
[Black "Zetocha, Adrian"]
[Result "0-1"]
[WhiteElo "2015"]
[BlackElo "2200"]
[PlyCount "80"]
[EventDate "2019.04.23"]
[EventType "swiss"]
[EventRounds "9"]
[EventCountry "SVK"]
[SourceTitle "CBM 190 Extra"]
[Source "ChessBase"]
[SourceDate "2019.07.15"]
[SourceVersion "1"]
[SourceVersionDate "2019.07.15"]
[SourceQuality "1"]

1. e4 c6 2. Nc3 d5 3. Nf3 Nf6 4. exd5 cxd5 5. d4 Nc6 6. Bb5 Bg4 7. h3 Bxf3 8. Qxf3 Rc8 9. 0-0 e6 10. Bf4 Bd6 11. Ne2 0-0 12. c3 Na5 13. Bd3 Bxf4 14. Nxf4 Nc4 15. Bxc4 Rxc4 16. Rac1 b5 17. Nd3 Ne4 18. Rfe1 Qb6 19. Qe3 Rc7 20. f3 Nd6 21. b3 a5 22. Re2 Rfc8 23. Nc5 b4 24. c4 Nf5 25. Qf4 Nxd4 26. Qxd4 Qxc5 27. Qxc5 Rxc5 28. Rec2 e5 29. Kf2 Kf8 30. Ke3 Ke7 31. Kd3 f6 32. g3 g6 33. h4 dxc4+ 34. Rxc4 Rxc4 35. bxc4 Rd8+ 36. Ke3 Kd6 37. Rd1+ Kc7 38. Ra1 Kc6 39. a3 b3 40. a4 Kc5 0-1

[Event "SVK-chT1W 1819"]
[Site "Slovakia"]
[Date "2019.03.17"]
[Round "11.8"]
[White "Sandor, Martin"]
[Black "Merva, Frantisek"]
[Result "1/2-1/2"]
[WhiteElo "1953"]
[BlackElo "2088"]
[PlyCount "20"]
[EventDate "2018.10.27"]
[EventType "team-tourn"]
[EventRounds "11"]
[EventCountry "SVK"]
[SourceTitle "CBM 189 Extra"]
[Source "ChessBase"]
[SourceDate "2019.06.03"]
[SourceVersion "1"]
[SourceVersionDate "2019.06.03"]
[SourceQuality "1"]
[WhiteTeam "Bratislava KSN"]
[BlackTeam "Dunajska Streda"]
[WhiteTeamCountry "SVK"]
[BlackTeamCountry "SVK"]

1. e4 b6 2. d4 Bb7 3. Bd3 e6 4. Nf3 Nf6 5. Qe2 d5 6. e5 Ne4 7. Nbd2 Nxd2 8. Bxd2 Be7 9. 0-0 c5 10. c3 Qc8 1/2-1/2

[Event "SVK-chT1W 1819"]
[Site "Slovakia"]
[Date "2019.03.16"]
[Round "10.8"]
[White "Koloditsova, Renata"]
[Black "Sandor, Martin"]
[Result "0-1"]
[WhiteElo "1919"]
[BlackElo "1953"]
[PlyCount "90"]
[EventDate "2018.10.27"]
[EventType "team-tourn"]
[EventRounds "11"]
[EventCountry "SVK"]
[SourceTitle "CBM 189 Extra"]
[Source "ChessBase"]
[SourceDate "2019.06.03"]
[SourceVersion "1"]
[SourceVersionDate "2019.06.03"]
[SourceQuality "1"]
[WhiteTeam "Gabcikovo MSK"]
[BlackTeam "Bratislava KSN"]
[WhiteTeamCountry "SVK"]
[BlackTeamCountry "SVK"]

1. d4 d5 2. Nf3 Nf6 3. c4 e6 4. Nc3 c5 5. cxd5 Nxd5 6. e4 Nxc3 7. bxc3 cxd4 8. cxd4 Bb4+ 9. Bd2 Bxd2+ 10. Qxd2 0-0 11. Bc4 Nd7 12. Rd1 b6 13. 0-0 Bb7 14. d5 Nc5 15. Qf4 Qf6 16. Qxf6 gxf6 17. dxe6 fxe6 18. Nd4 Rfe8 19. Rfe1 Rac8 20. e5 Kg7 21. Nxe6+ Nxe6 22. Rd7+ Kg6 23. Bd3+ f5 24. g4 Be4 25. Bxe4 fxe4 26. Rxe4 Nc5 27. Rd6+ Kg7 28. Re2 Re6 29. Rd5 Rf8 30. Kg2 Rf4 31. f3 Re7 32. Kg3 Ne6 33. Re3 Rc4 34. Rd6 b5 35. a3 a5 36. Rb6 b4 37. axb4 Rxb4 38. Ra6 a4 39. Ra5 Rf7 40. Rc3 Rb3 41. Rxb3 axb3 42. Ra1 b2 43. Rb1 Rb7 44. f4 Nd4 45. Kf2 Nc2 0-1

[Event "SVK-chT1W 1819"]
[Site "Slovakia"]
[Date "2018.11.25"]
[Round "4.7"]
[White "Hlavina, Lubomir"]
[Black "Sandor, Martin"]
[Result "1/2-1/2"]
[WhiteElo "2015"]
[BlackElo "2004"]
[PlyCount "53"]
[EventDate "2018.10.27"]
[EventType "team-tourn"]
[EventRounds "11"]
[EventCountry "SVK"]
[SourceTitle "CBM 187 Extra"]
[Source "ChessBase"]
[SourceDate "2018.11.04"]
[SourceVersion "1"]
[SourceVersionDate "2018.11.04"]
[SourceQuality "1"]
[WhiteTeam "Nitra ASK"]
[BlackTeam "Bratislava KSN"]
[WhiteTeamCountry "SVK"]
[BlackTeamCountry "SVK"]

1. d4 d5 2. Bf4 c5 3. e3 Nc6 4. c3 Qb6 5. Qb3 c4 6. Qxb6 axb6 7. Nd2 Bf5 8. a3 Nf6 9. h3 h6 10. Ngf3 b5 11. Rc1 e6 12. Be2 Be7 13. 0-0 0-0 14. Ne5 Nxe5 15. Bxe5 Nd7 16. Bg3 Nb6 17. f3 Bg5 18. Bf2 Na4 19. h4 Be7 20. e4 Bg6 21. Rb1 f5 22. exd5 exd5 23. f4 Bd6 24. g3 Rfe8 25. Bd1 Re7 26. Bxa4 bxa4 27. Rfe1 1/2-1/2

[Event "SVK-chT2A 1819"]
[Site "Slovakia"]
[Date "2018.10.13"]
[Round "1.7"]
[White "Hrubsa, Marian"]
[Black "Sandor, Martin"]
[Result "1/2-1/2"]
[WhiteElo "1898"]
[BlackElo "1937"]
[PlyCount "81"]
[EventDate "2018.10.13"]
[EventType "team-tourn"]
[EventRounds "11"]
[EventCountry "SVK"]
[SourceTitle "CBM 189 Extra"]
[Source "ChessBase"]
[SourceDate "2019.06.03"]
[SourceVersion "1"]
[SourceVersionDate "2019.06.03"]
[SourceQuality "1"]
[WhiteTeam "Skalica"]
[BlackTeam "Modra II"]
[WhiteTeamCountry "SVK"]
[BlackTeamCountry "SVK"]

1. e4 c5 2. Nf3 d6 3. d4 cxd4 4. Nxd4 Nf6 5. Nc3 a6 6. Be2 e5 7. Nb3 Be7 8. Be3 Be6 9. 0-0 Nbd7 10. f3 b5 11. a3 Nb6 12. Nd2 d5 13. exd5 Nbxd5 14. Nxd5 Nxd5 15. Bf2 0-0 16. c4 bxc4 17. Nxc4 f6 18. Re1 Qc7 19. Rc1 Bc5 20. Bxc5 Qxc5+ 21. Kh1 Nf4 22. Nd6 Qf2 23. Bf1 Rfd8 24. b4 Qa7 25. Qd2 Qe7 26. Red1 Rd7 27. g3 Rad8 28. Rc8 Rxc8 29. Nxc8 Qd8 30. Nd6 Nd5 31. Bh3 Rxd6 32. Bxe6+ Rxe6 33. Qxd5 Qxd5 34. Rxd5 Rc6 35. Kg2 Kf7 36. Rd7+ Kg6 37. Ra7 Rd6 38. Kf2 h6 39. Ke3 h5 40. Rb7 Rc6 41. Kd2 1/2-1/2

[Event "Banska Stiavnica V4 op"]
[Site "Banska Stiavnica"]
[Date "2018.07.15"]
[Round "9"]
[White "Hagara, Eduard1111"]
[Black "Sandor, Martin"]
[Result "0-1"]
[WhiteElo "1758"]
[BlackElo "1968"]
[PlyCount "38"]
[EventDate "2018.07.07"]
[EventType "swiss"]
[EventRounds "9"]
[EventCountry "SVK"]
[SourceTitle "CBM 185 Extra"]
[Source "ChessBase"]
[SourceDate "2018.07.29"]
[SourceVersion "1"]
[SourceVersionDate "2018.07.29"]
[SourceQuality "1"]

1. b3 e5 2. Bb2 Nc6 3. e3 Nf6 4. c4 Be7 5. Nc3 0-0 6. Bd3 d5 7. Bb1 Be6 8. cxd5 Nxd5 9. Nf3 Bf6 10. Ne4 Bg4 11. Nxf6+ Qxf6 12. Be4 Nde7 13. Qc2 Bf5 14. h3 Qg6 15. Bxf5 Nxf5 16. g4 Nh4 17. Qxg6 Nxf3+ 18. Ke2 fxg6 19. h4 e4 0-1

[Event "SVK-ch U16"]
[Site "Liptovsky Mikulas"]
[Date "2018.04.22"]
[Round "3"]
[White "Franko, Ondrej"]
[Black "Sandor, Martin"]
[Result "1/2-1/2"]
[WhiteElo "1968"]
[BlackElo "1964"]
[PlyCount "64"]
[EventDate "2018.04.21"]
[EventType "swiss"]
[EventRounds "9"]
[EventCountry "SVK"]
[SourceTitle "CBM 184 Extra"]
[Source "ChessBase"]
[SourceDate "2018.06.28"]
[SourceVersion "1"]
[SourceVersionDate "2018.06.28"]
[SourceQuality "1"]

1. e4 c5 2. Nf3 d6 3. d4 cxd4 4. Qxd4 Nc6 5. Bb5 a6 6. Bxc6+ bxc6 7. 0-0 e5 8. Qd3 Nf6 9. c4 Be7 10. Nc3 0-0 11. b3 Qc7 12. h3 Rd8 13. Rd1 h6 14. Be3 Be6 15. Rac1 Rab8 16. Ne1 Rb7 17. Nd5 cxd5 18. cxd5 Qa5 19. dxe6 fxe6 20. Rc2 d5 21. exd5 exd5 22. Bd2 Bb4 23. Bxb4 Rxb4 24. Qg3 d4 25. Nd3 Rb5 26. Rc6 Kh8 27. Rxf6 gxf6 28. Qg6 Qb6 29. Qxh6+ Kg8 30. Qg6+ Kf8 31. Qh6+ Ke7 32. Qg7+ Ke6 1/2-1/2

[Event "SVK-ch U16"]
[Site "Liptovsky Mikulas"]
[Date "2018.04.21"]
[Round "1"]
[White "Taragel, Marian"]
[Black "Sandor, Martin"]
[Result "0-1"]
[WhiteElo "1576"]
[BlackElo "1964"]
[PlyCount "52"]
[EventDate "2018.04.21"]
[EventType "swiss"]
[EventRounds "9"]
[EventCountry "SVK"]
[SourceTitle "CBM 184 Extra"]
[Source "ChessBase"]
[SourceDate "2018.06.28"]
[SourceVersion "1"]
[SourceVersionDate "2018.06.28"]
[SourceQuality "1"]

1. e4 c5 2. Nf3 d6 3. d4 cxd4 4. Nxd4 Nf6 5. Nc3 a6 6. Be3 e5 7. Nb3 Be6 8. f3 h5 9. Qd2 Be7 10. 0-0-0 Nbd7 11. f4 Ng4 12. Kb1 Nxe3 13. Qxe3 exf4 14. Qxf4 Ne5 15. Nc5 Rc8 16. Nd3 Qa5 17. Nd5 Bxd5 18. exd5 Bf6 19. Qe4 0-0 20. h3 g6 21. g4 h4 22. g5 Bg7 23. Nf4 Rfe8 24. Qg2 Qb4 25. Nd3 Nxd3 26. cxd3 Re1 0-1

[Event "Banska Stiavnica V4 op"]
[Site "Banska Stiavnica"]
[Date "2017.07.08"]
[Round "1"]
[White "Chmiel, Marcin"]
[Black "Sandor, Martin"]
[Result "1-0"]
[WhiteElo "2208"]
[BlackElo "1840"]
[PlyCount "85"]
[EventDate "2017.07.08"]
[EventType "swiss"]
[EventRounds "9"]
[EventCountry "SVK"]
[SourceTitle "CBM 179 Extra"]
[Source "ChessBase"]
[SourceDate "2017.08.23"]
[SourceVersion "1"]
[SourceVersionDate "2017.08.23"]
[SourceQuality "1"]

1. d4 d5 2. Bf4 Nf6 3. e3 Bf5 4. c4 e6 5. Qb3 Qc8 6. Nc3 c6 7. Rc1 Nbd7 8. cxd5 exd5 9. Nb5 Be7 10. Nc7+ Kf8 11. Nxa8 Qxa8 12. Nf3 h6 13. h3 Kg8 14. Ne5 Nxe5 15. Bxe5 Nd7 16. Bh2 Kh7 17. Bd3 Bxd3 18. Qxd3+ g6 19. 0-0 Re8 20. e4 dxe4 21. Qxe4 Bg5 22. Qf3 Kg7 23. Rce1 Nb6 24. Be5+ f6 25. Bg3 Nd5 26. Re2 f5 27. h4 Bf6 28. Be5 Bxe5 29. Rxe5 Rxe5 30. dxe5 Qe8 31. Re1 Qe6 32. Qa3 a6 33. Qd6 Kf7 34. Qb8 Qe7 35. Qh8 Qf8 36. e6+ Ke8 37. Qh7 Ne7 38. Rd1 Qf6 39. Rd7 Qxe6 40. Rxb7 Qe1+ 41. Kh2 Qe5+ 42. Kh3 Qe4 43. Qxh6 1-0

[Event "Liptovsky Mikulas CupT U20"]
[Site "Liptovsky Mikulas"]
[Date "2017.06.25"]
[Round "7.2"]
[White "Sulkowski, Dawid"]
[Black "Sandor, Martin"]
[Result "0-1"]
[WhiteElo "1466"]
[BlackElo "1858"]
[PlyCount "88"]
[EventDate "2017.06.21"]
[EventType "team-swiss"]
[EventRounds "8"]
[EventCountry "SVK"]
[SourceTitle "CBM 179 Extra"]
[Source "ChessBase"]
[SourceDate "2017.08.23"]
[SourceVersion "1"]
[SourceVersionDate "2017.08.23"]
[SourceQuality "1"]
[WhiteTeam "V4 International"]
[BlackTeam "Bratislava KSN"]
[BlackTeamCountry "SVK"]

1. e4 c5 2. Nf3 d6 3. d4 cxd4 4. Nxd4 Nf6 5. Nc3 a6 6. Bg5 Nbd7 7. Bd3 b5 8. a3 Bb7 9. 0-0 e6 10. Kh1 Be7 11. f4 0-0 12. Qe2 Nc5 13. b4 Nxd3 14. cxd3 Rc8 15. Rac1 Qd7 16. Qd2 h6 17. Bxf6 Bxf6 18. Qe3 Rc7 19. Nce2 Rfc8 20. Rxc7 Rxc7 21. Rc1 Qc8 22. Rxc7 Qxc7 23. Qd2 Qc8 24. h3 Bd8 25. Nf3 Bb6 26. Ned4 Qd8 27. f5 Qf6 28. Nb3 exf5 29. exf5 Bxf3 30. gxf3 Qxf5 31. Kg2 Qg6+ 32. Kf1 Qg1+ 33. Ke2 Qf2+ 34. Kd1 Qxf3+ 35. Kc2 Qf2 36. Qxf2 Bxf2 37. Kd2 Bb6 38. Ke2 f5 39. h4 g5 40. hxg5 hxg5 41. Kf3 Kf7 42. Nd2 Kf6 43. Nf1 Bd4 44. Ng3 Bb2 0-1

[Event "World ol U16"]
[Site "Poprad"]
[Date "2016.07.24"]
[Round "4.2"]
[White "Kara, Zahra"]
[Black "Sandor, Martin"]
[Result "1/2-1/2"]
[WhiteElo "1335"]
[BlackElo "1763"]
[PlyCount "75"]
[EventDate "2016.07.22"]
[EventType "team-swiss"]
[EventRounds "9"]
[EventCountry "SVK"]
[SourceTitle "EXT 2017"]
[Source "ChessBase"]
[SourceDate "2016.10.25"]
[SourceVersion "1"]
[SourceVersionDate "2016.10.25"]
[SourceQuality "1"]
[WhiteTeam "South Africa III"]
[BlackTeam "Slovakia BSZ"]
[WhiteTeamCountry "RSA"]
[BlackTeamCountry "SVK"]

1. e4 c5 2. Nf3 d6 3. d4 cxd4 4. Nxd4 Nf6 5. Nc3 a6 6. Be3 e5 7. Nb3 Be7 8. Qd2 Be6 9. f3 Qc7 10. 0-0-0 0-0 11. g4 Rc8 12. Kb1 Nc6 13. g5 Nd7 14. Nd5 Bxd5 15. exd5 Na7 16. Bh3 Rcb8 17. Rhg1 b6 18. Qe2 a5 19. a4 Nc5 20. Nxc5 bxc5 21. Ka2 Rb7 22. b3 Rab8 23. Rd3 Nc8 24. Bxc8 Qxc8 25. Rc3 f6 26. gxf6 Bxf6 27. Rc4 Qd7 28. Qd2 Rb4 29. Rgg4 Rxc4 30. Rxc4 Qc7 31. Kb1 Rb4 32. Rxb4 cxb4 33. Qd3 g6 34. Bd2 Qc5 35. Be3 Qc7 36. Bd2 Qc5 37. Be3 Qc7 38. Bd2 1/2-1/2

[Event "World ol U16"]
[Site "Poprad"]
[Date "2016.07.23"]
[Round "3.2"]
[White "Sandor, Martin"]
[Black "Sromovska, Livia"]
[Result "1-0"]
[WhiteElo "1763"]
[BlackElo "1631"]
[PlyCount "95"]
[EventDate "2016.07.22"]
[EventType "team-swiss"]
[EventRounds "9"]
[EventCountry "SVK"]
[SourceTitle "EXT 2017"]
[Source "ChessBase"]
[SourceDate "2016.10.25"]
[SourceVersion "1"]
[SourceVersionDate "2016.10.25"]
[SourceQuality "1"]
[WhiteTeam "Slovakia BSZ"]
[BlackTeam "Slovakia LSS II"]
[WhiteTeamCountry "SVK"]
[BlackTeamCountry "SVK"]

1. e4 e5 2. Nf3 Nc6 3. Nc3 Bc5 4. Nxe5 Nxe5 5. d4 Bd6 6. dxe5 Bxe5 7. Bd2 d6 8. Bc4 Qe7 9. Nd5 Qd7 10. Bc3 Bxc3+ 11. Nxc3 Nf6 12. 0-0 0-0 13. Re1 Re8 14. h3 b6 15. Qd4 Bb7 16. Rad1 Rad8 17. f3 Re5 18. Rd2 Rg5 19. Kh2 Qe7 20. Qe3 Rc5 21. Bb3 Nh5 22. Nd5 Bxd5 23. Rxd5 Rxd5 24. exd5 Qxe3 25. Rxe3 Kf8 26. Ba4 Nf6 27. c4 a6 28. Bc6 b5 29. cxb5 axb5 30. Rb3 Rb8 31. a4 b4 32. a5 Nxd5 33. Bxd5 Rb5 34. Be4 f5 35. Bd3 Rxa5 36. Rxb4 Ra2 37. Bxf5 g6 38. Be6 Ra7 39. Bd5 Ke7 40. Kg3 Ra5 41. Be4 d5 42. Bd3 Ra7 43. Rh4 Rb7 44. b4 Kf6 45. Rxh7 Rxb4 46. Rxc7 Rb6 47. Rd7 Ke5 48. Rg7 1-0

[Event "SVK-ch U14"]
[Site "Liptovsky Mikulas"]
[Date "2016.04.23"]
[Round "9"]
[White "Haring, Filip"]
[Black "Sandor, Martin"]
[Result "1-0"]
[WhiteElo "2079"]
[BlackElo "1746"]
[PlyCount "65"]
[EventDate "2016.04.16"]
[EventType "swiss"]
[EventRounds "9"]
[EventCountry "SVK"]
[SourceTitle "CBM 172 Extra"]
[Source "ChessBase"]
[SourceDate "2016.06.21"]
[SourceVersion "1"]
[SourceVersionDate "2016.06.21"]
[SourceQuality "1"]

1. c4 e6 2. Nf3 Nf6 3. b3 g6 4. Bb2 Bg7 5. d3 0-0 6. g3 b6 7. Bg2 Bb7 8. 0-0 d5 9. e3 c5 10. Qe2 Re8 11. Ne5 Nc6 12. Nxc6 Bxc6 13. f4 Qc7 14. Nd2 Rad8 15. Nf3 Nd7 16. Bxg7 Kxg7 17. e4 a5 18. Qb2+ d4 19. e5 Bxf3 20. Bxf3 Nb8 21. a3 Nc6 22. Qg2 Ne7 23. g4 Rh8 24. Be4 Kf8 25. Rab1 Rb8 26. b4 cxb4 27. axb4 axb4 28. Rxb4 h5 29. h3 Rg8 30. g5 Kg7 31. Rfb1 Nf5 32. Qb2 Ng3 33. Bf3 1-0